Erevan - Choix multiples - Statistiques

Statistiques générales
  • Ce quiz a été pris 27 fois
  • Le résultat moyen est 7 sur 10
Statistiques - réponses
Question Réponse % Correct
Quel épisode biblique est associé à cette montagne ? L'arche de Noé
86%
Que compte Erevan en lien avec la France ? Une université francophone
86%
Qu'est-ce que le Tsitsernakaberd ("fort aux hirondelles") ? Un mémorial au génocide arménien
86%
Quelle montagne, emblème de l'Arménie, est visible depuis Erevan ? Le mont Ararat
77%
Que représentait la statut géante démontée en 1967 et qui dominait Erevan ? Joseph Staline
73%
Qui réside à Etchmiadzin, près d'Erevan ? Le Patriarche de l'Église apostolique arménienne
73%
Laquelle de ces images représente ce dernier ?
59%
Quelle ancienne cité urartéenne se situait sur l'emplacement actuelle d'Erevan ? Erebouni
55%
Que risquez-vous si vous visitez Erevan le jour de la fête du "Vartavar" ? Vous faire asperger d'eau
55%
À quelle occasion a été inaugurée la cathédrale Saint-Grégoire-l'Illuminateur en 2001 ? Les 1700 ans de l'adoption du christianisme par le pays
41%
Aucun quiz correspondant
Distribution des résultats
% des personnes avec chaque résultat
Percentile par nombre de réponses
Votre historique - résultats
Vous n’avez pas pris ce quiz